Formel 1 Podium 1994 - Statistiken

Allgemein
  • Dieses Quiz wurde 177 mal gespielt
  • Das Durchschnittsergebnis liegt bei 8 aus 14
Antwortstatistiken
Antwort % Korrekt
Michael Schumacher
99%
Damon Hill
89%
Mika Häkkinen
86%
Gerhard Berger
76%
Nigel Mansell
69%
David Coulthard
68%
Jean Alesi
66%
Rubens Barrichello
52%
Jos Verstappen
46%
Martin Brundle
40%
Olivier Panis
38%
Mark Blundell
23%
Nicola Larini
23%
Eric Bernard
12%
Keine übereinstimmenden Quizze gefunden
Verteilung der Resultate
Anzahl Personen mit jedem Resultat
Perzentil nach korrekt beantworteten Fragen
Ihre Resultats-Entwicklung
Sie haben dieses Quiz noch nicht gespielt